Ausgleichungsrechnung : Eine Einführung für Studierende und Praktiker des Vermessungs- und Geoinformationswesens

Saved in:
Bibliographic Details
Main Author: Niemeier, Wolfgang (Author)
Format: Book
Language:German
Published: Berlin : Walter de Gruyter, 2002
Tags: Add Tag
No Tags, Be the first to tag this record!

MARC

LEADER 00000nam a22000003a 4500
001 stu99275
005 20150617225817.4
008 051207s2002----gw------------------ger-d
020 |a 3-11-014080-2 
040 |a STU  |b slo 
041 0 |a ger 
044 |a gw 
080 |a 528 
100 1 |a Niemeier, Wolfgang  |4 aut 
245 1 |a Ausgleichungsrechnung :  |b Eine Einführung für Studierende und Praktiker des Vermessungs- und Geoinformationswesens 
260 |a Berlin :  |b Walter de Gruyter,  |c 2002 
300 |a 407 s 
996 |c V*48973/O-21598  |l VV3  |s P  |a 0  |w stu99275_0001